Matematica veloce: raddoppia quel numero! - Statistics

Statistiche generali
  • Questo quiz è stato fatto 965 volte
  • Il punteggio medio è 11 su 20
Statistiche sulle risposte
numero doppio % Corretto
504 1008
100%
505 1010
100%
508 1016
100%
51 102
100%
510 1020
100%
522 1044
100%
530 1060
100%
544 1088
100%
55 110
100%
56 112
100%
600 1200
100%
616 1232
100%
62 124
100%
63 126
100%
64 128
100%
699 1398
100%
700 1400
100%
722 1444
100%
751 1502
100%
8 16
100%
80 160
100%
81 162
100%
811 1622
100%
820 1640
100%
824 1648
100%
828 1656
100%
84 168
100%
909 1818
100%
93 186
100%
932 1864
100%
980 1960
100%
10 20
100%
103 206
100%
112 224
100%
113 226
100%
114 228
100%
122 244
100%
145 290
100%
16 32
100%
172 344
100%
20 40
100%
202 404
100%
207 414
100%
21 42
100%
213 426
100%
24 48
100%
241 482
100%
243 486
100%
249 498
100%
255 510
100%
26 52
100%
30 60
100%
333 666
100%
34 68
100%
366 732
100%
37 74
100%
38 76
100%
409 818
100%
426 852
100%
45 90
100%
465 930
100%
48 96
100%
901 1802
92%
801 1602
91%
82 164
91%
930 1860
91%
22 44
91%
420 840
91%
503 1006
90%
90 180
90%
121 242
90%
131 262
90%
470 940
90%
610 1220
89%
74 148
89%
140 280
89%
15 30
89%
233 466
89%
310 620
89%
315 630
89%
320 640
89%
400 800
89%
445 890
89%
506 1012
88%
521 1042
88%
54 108
88%
57 114
88%
644 1288
88%
67 134
88%
701 1402
88%
75 150
88%
850 1700
88%
960 1920
88%
12 24
88%
237 474
88%
256 512
88%
321 642
88%
323 646
88%
324 648
88%
352 704
88%
410 820
88%
480 960
88%
5 10
86%
532 1064
86%
602 1204
86%
68 136
86%
94 188
86%
970 1940
86%
100 200
86%
119 238
86%
120 240
86%
132 264
86%
146 292
86%
155 310
86%
215 430
86%
221 442
86%
242 484
86%
293 586
86%
313 626
86%
43 86
86%
433 866
86%
456 912
86%
76 152
85%
25 50
85%
501 1002
83%
52 104
83%
60 120
83%
605 1210
83%
658 1316
83%
70 140
83%
705 1410
83%
745 1490
83%
826 1652
83%
89 178
83%
912 1824
83%
99 198
83%
104 208
83%
13 26
83%
161 322
83%
174 348
83%
226 452
83%
253 506
83%
33 66
83%
341 682
83%
358 716
83%
40 80
83%
413 826
83%
414 828
83%
424 848
83%
44 88
83%
72 144
82%
206 412
82%
314 628
82%
36 72
82%
47 94
82%
101 202
81%
500 1000
80%
502 1004
80%
523 1046
80%
531 1062
80%
581 1162
80%
65 130
80%
702 1404
80%
704 1408
80%
742 1484
80%
802 1604
80%
829 1658
80%
929 1858
80%
950 1900
80%
97 194
80%
111 222
80%
123 246
80%
130 260
80%
134 268
80%
153 306
80%
164 328
80%
195 390
80%
199 398
80%
210 420
80%
211 422
80%
27 54
80%
28 56
80%
350 700
80%
357 714
80%
39 78
80%
395 790
80%
408 816
80%
41 82
80%
427 854
80%
440 880
80%
442 884
80%
466 932
80%
711 1422
78%
726 1452
78%
743 1486
78%
809 1618
78%
884 1768
78%
11 22
78%
142 284
78%
152 304
78%
208 416
78%
228 456
78%
417 834
78%
495 990
78%
540 1080
77%
545 1090
77%
509 1018
75%
527 1054
75%
579 1158
75%
6 12
75%
643 1286
75%
670 1340
75%
69 138
75%
7 14
75%
730 1460
75%
740 1480
75%
750 1500
75%
803 1606
75%
853 1706
75%
856 1712
75%
9 18
75%
902 1804
75%
905 1810
75%
913 1826
75%
915 1830
75%
916 1832
75%
955 1910
75%
105 210
75%
129 258
75%
136 272
75%
139 278
75%
150 300
75%
190 380
75%
220 440
75%
230 460
75%
248 496
75%
260 520
75%
265 530
75%
271 542
75%
300 600
75%
311 622
75%
317 634
75%
327 654
75%
330 660
75%
342 684
75%
35 70
75%
381 762
75%
394 788
75%
435 870
75%
460 920
75%
461 922
75%
560 1120
73%
92 184
73%
14 28
73%
222 444
73%
234 468
73%
247 494
73%
609 1218
71%
613 1226
71%
619 1238
71%
626 1252
71%
712 1424
71%
73 146
71%
744 1488
71%
755 1510
71%
775 1550
71%
778 1556
71%
78 156
71%
782 1564
71%
805 1610
71%
812 1624
71%
822 1644
71%
83 166
71%
880 1760
71%
893 1786
71%
908 1816
71%
927 1854
71%
938 1876
71%
96 192
71%
127 254
71%
133 266
71%
147 294
71%
160 320
71%
204 408
71%
231 462
71%
280 560
71%
307 614
71%
355 710
71%
406 812
71%
421 842
71%
448 896
71%
453 906
71%
454 908
71%
511 1022
70%
66 132
70%
696 1392
70%
715 1430
70%
763 1526
70%
842 1684
70%
106 212
70%
182 364
70%
216 432
70%
263 526
70%
430 860
70%
107 214
69%
533 1066
67%
542 1084
67%
546 1092
67%
550 1100
67%
554 1108
67%
556 1112
67%
58 116
67%
589 1178
67%
601 1202
67%
604 1208
67%
608 1216
67%
620 1240
67%
625 1250
67%
649 1298
67%
703 1406
67%
708 1416
67%
714 1428
67%
736 1472
67%
748 1496
67%
749 1498
67%
752 1504
67%
757 1514
67%
759 1518
67%
760 1520
67%
77 154
67%
781 1562
67%
808 1616
67%
821 1642
67%
836 1672
67%
859 1718
67%
862 1724
67%
87 174
67%
897 1794
67%
900 1800
67%
904 1808
67%
907 1814
67%
925 1850
67%
928 1856
67%
933 1866
67%
940 1880
67%
954 1908
67%
976 1952
67%
979 1958
67%
986 1972
67%
102 204
67%
108 216
67%
118 236
67%
135 270
67%
141 282
67%
144 288
67%
162 324
67%
18 36
67%
181 362
67%
200 400
67%
201 402
67%
203 406
67%
217 434
67%
23 46
67%
238 476
67%
240 480
67%
244 488
67%
252 504
67%
261 522
67%
262 524
67%
264 528
67%
295 590
67%
306 612
67%
318 636
67%
32 64
67%
326 652
67%
332 664
67%
335 670
67%
338 676
67%
343 686
67%
363 726
67%
368 736
67%
386 772
67%
403 806
67%
407 814
67%
411 822
67%
412 824
67%
422 844
67%
428 856
67%
429 858
67%
437 874
67%
462 924
67%
468 936
67%
471 942
67%
192 384
64%
258 516
64%
415 830
64%
451 902
64%
561 1122
63%
603 1206
63%
630 1260
63%
645 1290
63%
672 1344
63%
685 1370
63%
71 142
63%
79 158
63%
794 1588
63%
799 1598
63%
831 1662
63%
832 1664
63%
833 1666
63%
920 1840
63%
165 330
63%
219 438
63%
229 458
63%
308 616
63%
31 62
63%
336 672
63%
360 720
63%
365 730
63%
375 750
63%
401 802
63%
404 808
63%
434 868
63%
478 956
63%
490 980
63%
224 448
62%
512 1024
60%
524 1048
60%
547 1094
60%
607 1214
60%
612 1224
60%
614 1228
60%
633 1266
60%
659 1318
60%
661 1322
60%
707 1414
60%
710 1420
60%
720 1440
60%
723 1446
60%
796 1592
60%
804 1608
60%
827 1654
60%
878 1756
60%
88 176
60%
91 182
60%
910 1820
60%
919 1838
60%
923 1846
60%
95 190
60%
992 1984
60%
110 220
60%
149 298
60%
163 326
60%
17 34
60%
171 342
60%
175 350
60%
185 370
60%
223 446
60%
270 540
60%
276 552
60%
298 596
60%
299 598
60%
302 604
60%
309 618
60%
312 624
60%
348 696
60%
443 886
60%
494 988
60%
780 1560
58%
267 534
58%
475 950
58%
513 1026
57%
516 1032
57%
518 1036
57%
565 1130
57%
590 1180
57%
593 1186
57%
606 1212
57%
61 122
57%
615 1230
57%
621 1242
57%
628 1256
57%
688 1376
57%
693 1386
57%
732 1464
57%
810 1620
57%
816 1632
57%
830 1660
57%
840 1680
57%
892 1784
57%
917 1834
57%
962 1924
57%
117 234
57%
125 250
57%
158 316
57%
159 318
57%
177 354
57%
191 382
57%
209 418
57%
214 428
57%
250 500
57%
257 514
57%
268 536
57%
29 58
57%
344 688
57%
347 694
57%
369 738
57%
397 794
57%
419 838
57%
50 100
56%
525 1050
56%
541 1082
56%
552 1104
56%
562 1124
56%
59 118
56%
599 1198
56%
635 1270
56%
669 1338
56%
819 1638
56%
855 1710
56%
870 1740
56%
924 1848
56%
944 1888
56%
994 1988
56%
176 352
56%
186 372
56%
245 490
56%
246 492
56%
275 550
56%
285 570
56%
291 582
56%
303 606
56%
345 690
56%
370 740
56%
446 892
56%
450 900
56%
716 1432
55%
717 1434
55%
914 1828
55%
953 1906
55%
126 252
55%
148 296
55%
156 312
55%
212 424
55%
377 754
55%
617 1234
54%
629 1258
53%
138 276
53%
515 1030
50%
517 1034
50%
520 1040
50%
526 1052
50%
528 1056
50%
53 106
50%
534 1068
50%
535 1070
50%
537 1074
50%
538 1076
50%
551 1102
50%
563 1126
50%
570 1140
50%
576 1152
50%
582 1164
50%
597 1194
50%
639 1278
50%
640 1280
50%
647 1294
50%
652 1304
50%
653 1306
50%
654 1308
50%
655 1310
50%
664 1328
50%
665 1330
50%
674 1348
50%
678 1356
50%
679 1358
50%
683 1366
50%
684 1368
50%
691 1382
50%
697 1394
50%
706 1412
50%
718 1436
50%
721 1442
50%
724 1448
50%
731 1462
50%
737 1474
50%
738 1476
50%
758 1516
50%
770 1540
50%
772 1544
50%
779 1558
50%
785 1570
50%
791 1582
50%
793 1586
50%
798 1596
50%
813 1626
50%
834 1668
50%
835 1670
50%
846 1692
50%
852 1704
50%
854 1708
50%
857 1714
50%
866 1732
50%
867 1734
50%
872 1744
50%
875 1750
50%
877 1754
50%
882 1764
50%
886 1772
50%
890 1780
50%
895 1790
50%
918 1836
50%
931 1862
50%
935 1870
50%
941 1882
50%
943 1886
50%
945 1890
50%
952 1904
50%
956 1912
50%
964 1928
50%
968 1936
50%
972 1944
50%
981 1962
50%
990 1980
50%
991 1982
50%
109 218
50%
115 230
50%
116 232
50%
124 248
50%
128 256
50%
143 286
50%
151 302
50%
157 314
50%
166 332
50%
169 338
50%
183 366
50%
19 38
50%
193 386
50%
205 410
50%
225 450
50%
227 454
50%
235 470
50%
254 508
50%
273 546
50%
277 554
50%
281 562
50%
290 580
50%
292 584
50%
305 610
50%
316 632
50%
331 662
50%
334 668
50%
339 678
50%
362 724
50%
373 746
50%
382 764
50%
392 784
50%
398 796
50%
399 798
50%
402 804
50%
405 810
50%
425 850
50%
431 862
50%
439 878
50%
444 888
50%
447 894
50%
474 948
50%
482 964
50%
485 970
50%
488 976
50%
49 98
50%
496 992
50%
497 994
50%
499 998
50%
553 1106
47%
634 1268
47%
266 532
47%
871 1742
46%
971 1942
46%
694 1388
45%
806 1612
45%
860 1720
45%
864 1728
45%
188 376
45%
378 756
45%
548 1096
44%
583 1166
44%
586 1172
44%
618 1236
44%
638 1276
44%
650 1300
44%
686 1372
44%
713 1426
44%
753 1506
44%
790 1580
44%
845 1690
44%
948 1896
44%
304 608
44%
337 674
44%
353 706
44%
481 962
44%
543 1086
43%
575 1150
43%
632 1264
43%
642 1284
43%
671 1342
43%
673 1346
43%
675 1350
43%
739 1478
43%
761 1522
43%
789 1578
43%
823 1646
43%
85 170
43%
874 1748
43%
888 1776
43%
889 1778
43%
911 1822
43%
921 1842
43%
942 1884
43%
168 336
43%
170 340
43%
179 358
43%
180 360
43%
196 392
43%
272 544
43%
278 556
43%
297 594
43%
376 752
43%
380 760
43%
390 780
43%
393 786
43%
457 914
43%
493 986
43%
578 1156
40%
580 1160
40%
585 1170
40%
594 1188
40%
595 1190
40%
598 1196
40%
611 1222
40%
627 1254
40%
637 1274
40%
648 1296
40%
663 1326
40%
727 1454
40%
741 1482
40%
800 1600
40%
843 1686
40%
922 1844
40%
926 1852
40%
939 1878
40%
967 1934
40%
98 196
40%
985 1970
40%
137 274
40%
184 368
40%
198 396
40%
232 464
40%
251 502
40%
259 518
40%
269 538
40%
279 558
40%
282 564
40%
296 592
40%
319 638
40%
351 702
40%
374 748
40%
388 776
40%
389 778
40%
438 876
40%
449 898
40%
452 904
40%
558 1116
38%
567 1134
38%
657 1314
38%
680 1360
38%
687 1374
38%
774 1548
38%
783 1566
38%
788 1576
38%
839 1678
38%
844 1688
38%
873 1746
38%
946 1892
38%
951 1902
38%
173 346
38%
359 718
38%
441 882
38%
459 918
38%
46 92
38%
472 944
38%
498 996
38%
596 1192
36%
636 1272
36%
771 1542
36%
817 1634
36%
887 1774
36%
974 1948
36%
294 588
36%
489 978
36%
529 1058
33%
536 1072
33%
566 1132
33%
569 1138
33%
572 1144
33%
622 1244
33%
623 1246
33%
624 1248
33%
641 1282
33%
651 1302
33%
682 1364
33%
690 1380
33%
709 1418
33%
719 1438
33%
725 1450
33%
728 1456
33%
735 1470
33%
754 1508
33%
762 1524
33%
764 1528
33%
773 1546
33%
825 1650
33%
851 1702
33%
86 172
33%
881 1762
33%
885 1770
33%
891 1782
33%
899 1798
33%
936 1872
33%
937 1874
33%
961 1922
33%
963 1926
33%
988 1976
33%
154 308
33%
167 334
33%
178 356
33%
197 394
33%
236 472
33%
239 478
33%
284 568
33%
328 656
33%
329 658
33%
361 722
33%
372 744
33%
384 768
33%
418 836
33%
458 916
33%
483 966
33%
289 578
31%
698 1396
30%
734 1468
30%
784 1568
30%
795 1590
30%
984 1968
30%
989 1978
30%
491 982
30%
519 1038
29%
555 1110
29%
573 1146
29%
666 1332
29%
667 1334
29%
695 1390
29%
766 1532
29%
797 1594
29%
865 1730
29%
903 1806
29%
959 1918
29%
973 1946
29%
977 1954
29%
274 548
29%
288 576
29%
340 680
29%
349 698
29%
379 758
29%
476 952
29%
514 1028
27%
689 1378
27%
364 728
27%
423 846
27%
557 1114
25%
559 1118
25%
571 1142
25%
591 1182
25%
677 1354
25%
733 1466
25%
767 1534
25%
777 1554
25%
815 1630
25%
818 1636
25%
841 1682
25%
848 1696
25%
858 1716
25%
934 1868
25%
947 1894
25%
975 1950
25%
978 1956
25%
983 1966
25%
987 1974
25%
189 378
25%
218 436
25%
283 566
25%
416 832
25%
436 872
25%
455 910
25%
464 928
25%
469 938
25%
486 972
25%
487 974
25%
492 984
25%
574 1148
22%
587 1174
22%
729 1458
22%
776 1552
22%
792 1584
22%
868 1736
22%
367 734
22%
371 742
22%
432 864
22%
662 1324
20%
668 1336
20%
676 1352
20%
692 1384
20%
786 1572
20%
847 1694
20%
861 1722
20%
187 374
20%
194 388
20%
286 572
20%
287 574
20%
322 644
20%
325 650
20%
383 766
20%
477 954
20%
484 968
20%
869 1738
18%
592 1184
17%
876 1752
17%
906 1812
17%
958 1916
17%
346 692
17%
463 926
17%
747 1494
14%
768 1536
14%
879 1758
14%
894 1788
14%
982 1964
14%
473 946
14%
507 1014
13%
539 1078
13%
957 1914
13%
965 1930
13%
568 1136
11%
391 782
11%
549 1098
10%
838 1676
10%
966 1932
10%
746 1492
9%
564 1128
0%
577 1154
0%
584 1168
0%
588 1176
0%
631 1262
0%
646 1292
0%
656 1312
0%
660 1320
0%
681 1362
0%
756 1512
0%
765 1530
0%
769 1538
0%
787 1574
0%
807 1614
0%
814 1628
0%
837 1674
0%
849 1698
0%
863 1726
0%
883 1766
0%
896 1792
0%
898 1796
0%
949 1898
0%
969 1938
0%
993 1986
0%
301 602
0%
354 708
0%
356 712
0%
385 770
0%
387 774
0%
396 792
0%
42 84
0%
467 934
0%
479 958
0%
Nessun quiz corrispondente trovato
Distribuzione punteggi
Percentuale di utenti per punteggio
Percentile per numero di risposta
I tuoi punteggi nel tempo
Non hai fatto questo quiz